logo

Bir Sreshtho Munshi Abdur Rouf Library
Jhenaidah Cadet College

গণিত উৎসবের প্রশ্নোত্তর / (Record no. 10876)

MARC details
000 -LEADER
fixed length control field 00778nam a2200241 a 4500
001 - CONTROL NUMBER
JCCL Control Number 10876
003 - CONTROL NUMBER IDENTIFIER
JCCL marc code BD-JhCC
005 - DATE AND TIME OF LATEST TRANSACTION
control field 20190626094218.0
008 - FIXED-LENGTH DATA ELEMENTS--GENERAL INFORMATION
fixed length control field 190523b20152009bd ||||| a||| 00| 0 ben d
020 ## - INTERNATIONAL STANDARD BOOK NUMBER
International Standard Book Number 9847009601163
035 ## - SYSTEM CONTROL NUMBER
system control number (BD-JhCC)10876
040 ## - CATALOGING SOURCE
Original cataloging agency BD-JhCC
Modifying agency BD-JhCC
041 ## - LANGUAGE CODE
Language code of Book ben
082 ## - DEWEY DECIMAL CLASSIFICATION NUMBER
Author mark and Year BIS 2015
Classification number 510.76
100 ## - MAIN ENTRY--PERSONAL NAME
Personal name বিশ্বাস, ইলিয়াছ উদ্দীন
245 ## - TITLE STATEMENT
Title গণিত উৎসবের প্রশ্নোত্তর /
Statement of responsibility, etc ইলিয়াস উদ্দীন বিশ্বাস
260 ## - PUBLICATION, DISTRIBUTION, ETC. (IMPRINT)
Place of publication, distribution, etc ঢাকা,
Name of publisher, distributor, etc তাম্রলিপি;
Date of publication, distribution, etc 2015.
300 ## - PHYSICAL DESCRIPTION
Pagination 107 p. :
Dimensions 21 cm.
650 ## - SUBJECT ADDED ENTRY--TOPICAL TERM
Topical term or geographic name as entry element Mathematics
650 ## - SUBJECT ADDED ENTRY--TOPICAL TERM
Topical term or geographic name as entry element International Mathematics Olympiad
942 ## - ADDED ENTRY ELEMENTS (KOHA)
Source of classification or shelving scheme Dewey Decimal Classification
Koha item type Books
Holdings
Source of classification or shelving scheme Damaged status Not for loan Home library Current library Shelving location Date of accession Cost, normal purchase price Total Checkouts Full call number Barcode Date last seen Date checked out Copy number Koha item type
Dewey Decimal Classification     JCC Rouf Library JCC Rouf Library General Stacks 06/15/2019 160.00 2 510.76 BIS 2015 14845 01/29/2026 01/25/2026 C-1 Books

JCC Library | Contacts | JCC Home

Last Update on 23 September 2017
Copyright @ 2017-2020 JCC Rouf Library
Rouf Library, Jhenidah Cadet College (JCC), Bangladesh